[Event "Rethymno op 6th"]
[Site "Rethymno"]
[Date "2014.07.19"]
[Round "9"]
[White "Kang, Chuanqi"]
[Black "Drakoulakos, Grigorios"]
[Result "1-0"]
[WhiteElo "2327"]
[BlackElo "2045"]
[PlyCount "101"]
[EventDate "2014.07.12"]
[EventType "swiss"]
[EventRounds "9"]
[EventCountry "GRE"]
[SourceTitle "CBM 161 Extra"]
[Source "ChessBase"]
[SourceDate "2014.08.29"]
[SourceVersion "1"]
[SourceVersionDate "2014.08.29"]
[SourceQuality "1"]

1. e4 c5 2. Nf3 e6 3. d4 cxd4 4. Nxd4 Nc6 5. Nxc6 bxc6 6. Bd3 Nf6 7. 0-0 d5 8. Nd2 Be7 9. c4 0-0 10. Qc2 h6 11. b3 d4 12. e5 Nd7 13. f4 c5 14. Ne4 Bb7 15. Qe2 a5 16. Rb1 Ra6 17. Bd2 Qa8 18. Rf3 f5 19. exf6 Nxf6 20. Nxf6+ Rxf6 21. Rg3 Bd6 22. Re1 Qf8 23. Qh5 Bc6 24. Rg6 Be8 25. Rxf6 Bxh5 26. Rxf8+ Bxf8 27. h3 a4 28. g4 Bf7 29. Kf2 axb3 30. axb3 Ra2 31. Ke2 Bd6 32. Rf1 Bc7 33. Kd1 Ba5 34. Bxa5 Rxa5 35. Re1 Ra1+ 36. Kd2 Rxe1 37. Kxe1 g5 38. f5 Kg7 39. Ke2 Kf6 40. Be4 Ke5 41. Kd3 Kf4 42. b4 cxb4 43. Kxd4 exf5 44. gxf5 g4 45. hxg4 Kxg4 46. c5 Be8 47. Ke5 b3 48. c6 b2 49. c7 Bc6 50. Bb1 Bd7 51. f6 1-0

[Event "Rethymno op 6th"]
[Site "Rethymno"]
[Date "2014.07.17"]
[Round "7"]
[White "Kang, Chuanqi"]
[Black "Klokas, Konstantinos"]
[Result "1-0"]
[WhiteElo "2327"]
[BlackElo "2110"]
[PlyCount "61"]
[EventDate "2014.07.12"]
[EventType "swiss"]
[EventRounds "9"]
[EventCountry "GRE"]
[SourceTitle "CBM 161 Extra"]
[Source "ChessBase"]
[SourceDate "2014.08.29"]
[SourceVersion "1"]
[SourceVersionDate "2014.08.29"]
[SourceQuality "1"]

1. e4 c5 2. Nf3 Nc6 3. Nc3 Nf6 4. e5 Ng4 5. Qe2 d6 6. exd6 Qxd6 7. Ne4 Qg6 8. h3 Nf6 9. d3 Nxe4 10. dxe4 e5 11. c3 Be7 12. g3 0-0 13. Bg2 Be6 14. 0-0 Rad8 15. Nd2 Rd7 16. Nc4 f5 17. exf5 Bxf5 18. Nxe5 Nxe5 19. Qxe5 Bd6 20. Qe3 h6 21. Rd1 Bf4 22. Qe2 Re8 23. Qc4+ Be6 24. Qf1 Rxd1 25. Qxd1 Bc7 26. Be3 Bf7 27. Bxc5 b6 28. Bd4 h5 29. h4 Bd8 30. Qd2 Bxh4 31. gxh4 1-0

[Event "Jinan Torch Cup"]
[Site "Jinan"]
[Date "2005.04.20"]
[Round "1"]
[White "Kang, Chuanqi"]
[Black "Zhou, Weiqi"]
[Result "1/2-1/2"]
[WhiteElo "2327"]
[BlackElo "2397"]
[PlyCount "132"]
[EventDate "2005.04.20"]
[EventType "team-tourn"]
[EventRounds "9"]
[EventCountry "CHN"]
[SourceTitle "CBM 106 Extra"]
[Source "ChessBase"]
[SourceDate "2005.07.01"]
[SourceVersion "1"]
[SourceVersionDate "2005.07.01"]
[SourceQuality "1"]

1. e4 e6 2. d4 d5 3. e5 c5 4. c3 Bd7 5. Nf3 Qb6 6. a3 a5 7. b3 Nc6 8. Bb2 Rc8 9. Ra2 Na7 10. c4 Bc6 11. Nbd2 cxd4 12. Bxd4 Bc5 13. Bxc5 Qxc5 14. b4 Qe7 15. b5 Bd7 16. Qb1 Nh6 17. Bd3 dxc4 18. Bxc4 a4 19. 0-0 Nf5 20. Rb2 0-0 21. Rb4 Rc5 22. Be2 Nc8 23. Ne4 Rc7 24. b6 Rc6 25. Rd1 Be8 26. Qb2 h6 27. g4 Nh4 28. Nd4 Ng6 29. Nxc6 Bxc6 30. Bb5 Bd5 31. Ng3 Qg5 32. Re1 Nxb6 33. Qc1 Nxe5 34. Qxg5 Nf3+ 35. Kf1 hxg5 36. Rc1 Nxh2+ 37. Ke2 Bf3+ 38. Ke1 Nd5 39. Rxa4 Nf4 40. Ne2 e5 41. Nxf4 gxf4 42. Bd7 Nxg4 43. Rc8 Nf6 44. Rxf8+ Kxf8 45. Bc8 Ne8 46. Ra8 Ke7 47. Bh3 Nd6 48. Rg8 Ne8 49. Kf1 Bc6 50. Ke2 e4 51. Rh8 Nd6 52. Rg8 g6 53. Bf1 Ke6 54. Kd2 Ke5 55. Ra8 f5 56. a4 g5 57. a5 g4 58. Rg8 g3 59. fxg3 e3+ 60. Ke2 Bb5+ 61. Ke1 f3 62. Bxb5 Nxb5 63. Re8+ Kd4 64. Re7 Nd6 65. Rd7 Kc5 66. Rc7+ Kd5 1/2-1/2

[Event "CHN-chT"]
[Site "Suzhou"]
[Date "2001.04.03"]
[Round "8"]
[White "Kang, Chuanqi"]
[Black "Chen, Fan"]
[Result "1/2-1/2"]
[WhiteElo "2318"]
[BlackElo "2385"]
[PlyCount "105"]
[EventDate "2001.03.02"]
[EventType "team-tourn"]
[EventRounds "10"]
[EventCountry "CHN"]
[SourceTitle "EXT 2002"]
[Source "ChessBase"]
[SourceDate "2001.11.25"]
[SourceVersion "1"]
[SourceVersionDate "2001.11.25"]
[SourceQuality "1"]

1. e4 e5 2. Nf3 Nc6 3. Bb5 a6 4. Ba4 Nf6 5. 0-0 Bc5 6. Nxe5 Nxe5 7. d4 Nxe4 8. Re1 Be7 9. Rxe4 Ng6 10. c4 0-0 11. Nc3 d6 12. Re1 c6 13. Bc2 b5 14. b3 Rb8 15. Qd3 f5 16. f4 Bf6 17. g3 Rb7 18. Be3 Re8 19. Bf2 Rbe7 20. Rxe7 Rxe7 21. Bd1 Nh8 22. Bf3 Qe8 23. Kf1 Nf7 24. Re1 Rxe1+ 25. Bxe1 Bd7 26. a4 bxc4 27. bxc4 Qb8 28. a5 Qb3 29. Bd2 Qa3 30. Ke2 Qxa5 31. Nd5 Qd8 32. Nxf6+ Qxf6 33. Be3 Qd8 34. Qb3 Qc7 35. c5 g6 36. Bd2 Bc8 37. cxd6 Qxd6 38. Qb6 Nd8 39. Bb4 Qd7 40. Kf1 Bb7 41. Be2 h5 42. d5 Qxd5 43. Qc7 c5 44. Qxc5 Qxc5 45. Bxc5 Kf7 46. Bc4+ Ne6 47. Ke2 Kf6 48. Bb6 Ke7 49. Ke3 Kd6 50. Bxe6 Kxe6 51. Kd4 Kd6 52. h4 Kc6 53. Bd8 1/2-1/2

[Event "World Cities-ch 2nd"]
[Site "Shenyang"]
[Date "1999.10.08"]
[Round "8"]
[White "Erkhembayar, Duurenbayar"]
[Black "Kang, Chuanqi"]
[Result "1/2-1/2"]
[WhiteElo "2303"]
[BlackElo "2311"]
[PlyCount "105"]
[EventDate "1999.10.02"]
[EventType "team-tourn"]
[EventRounds "9"]
[EventCountry "CHN"]
[SourceTitle "EXT 2000"]
[Source "ChessBase"]
[SourceDate "1999.11.16"]
[SourceVersion "1"]
[SourceVersionDate "1999.11.16"]
[SourceQuality "1"]

1. d4 Nf6 2. Nf3 e6 3. c4 b6 4. g3 Ba6 5. b3 c6 6. Bg2 d5 7. cxd5 cxd5 8. 0-0 Bd6 9. Ba3 0-0 10. Bxd6 Qxd6 11. Nc3 Nbd7 12. Qd2 Rac8 13. a4 Ne4 14. Nxe4 dxe4 15. Ng5 f5 16. Rfd1 h6 17. Nh3 Nf6 18. a5 Nd5 19. Nf4 Nxf4 20. gxf4 Bb7 21. e3 Bd5 22. b4 Rc4 23. b5 Rfc8 24. axb6 axb6 25. Rdc1 Kh7 26. Bf1 R4c7 27. Rxc7 Rxc7 28. Rc1 Ra7 29. Qc3 Qe7 30. Qc8 Qf7 31. Qb8 Ra2 32. Qxb6 Qg6+ 33. Bg2 Bc4 34. Qd8 Bxb5 35. h3 Qh5 36. Rc8 Qf7 37. Rc7 Qg6 38. Rc8 Qf7 39. Qf8 Qxf8 40. Rxf8 Kg6 41. Rb8 Bc4 42. Rc8 Bd3 43. Rc6 Kf7 44. h4 h5 45. Rc1 Kf6 46. Bh3 Rd2 47. d5 Bc2 48. dxe6 Kxe6 49. Ra1 g6 50. Ra6+ Kf7 51. Ra7+ Kf6 52. Ra6+ Kf7 53. Ra7+ 1/2-1/2

[Event "World Cities-ch 2nd"]
[Site "Shenyang"]
[Date "1999.10.08"]
[Round "9"]
[White "Pigusov, Evgeny"]
[Black "Kang, Chuanqi"]
[Result "1-0"]
[WhiteElo "2609"]
[BlackElo "2311"]
[PlyCount "75"]
[EventDate "1999.10.02"]
[EventType "team-tourn"]
[EventRounds "9"]
[EventCountry "CHN"]
[SourceTitle "EXT 2000"]
[Source "ChessBase"]
[SourceDate "1999.11.16"]
[SourceVersion "1"]
[SourceVersionDate "1999.11.16"]
[SourceQuality "1"]

1. Nf3 c5 2. c4 Nf6 3. Nc3 e6 4. g3 b6 5. Bg2 Bb7 6. 0-0 Be7 7. b3 0-0 8. Bb2 d6 9. e3 Ne4 10. Qc2 Nxc3 11. Bxc3 Qc7 12. Qb2 f6 13. d4 Nd7 14. Rfe1 Be4 15. Rad1 Rad8 16. Nh4 Bxg2 17. Nxg2 Rf7 18. Nf4 Nf8 19. d5 e5 20. Ne6 Nxe6 21. dxe6 Rff8 22. f4 Qc8 23. f5 g5 24. Qe2 Qc6 25. e4 Kg7 26. h4 h6 27. Kf2 Rh8 28. Rh1 Rdg8 29. Rh2 a6 30. Rdh1 Qe8 31. Ke3 Bd8 32. g4 b5 33. a3 Bb6 34. Kf3 Qc6 35. Rh3 Ba7 36. hxg5 hxg5 37. Qh2 b4 38. Rh6 1-0

[Event "World Cities-ch 2nd"]
[Site "Shenyang"]
[Date "1999.10.05"]
[Round "2"]
[White "Kang, Chuanqi"]
[Black "Li, Ruofan"]
[Result "1/2-1/2"]
[WhiteElo "2311"]
[BlackElo "2262"]
[PlyCount "81"]
[EventDate "1999.10.02"]
[EventType "team-tourn"]
[EventRounds "9"]
[EventCountry "CHN"]
[SourceTitle "EXT 2000"]
[Source "ChessBase"]
[SourceDate "1999.11.16"]
[SourceVersion "1"]
[SourceVersionDate "1999.11.16"]
[SourceQuality "1"]

1. e4 e5 2. Nf3 Nc6 3. Bc4 Bc5 4. c3 Nf6 5. d3 d6 6. b4 Bb6 7. Nbd2 0-0 8. 0-0 Ne7 9. Bb3 c6 10. Nc4 Bc7 11. Re1 Ng6 12. Bc2 Be6 13. Ne3 d5 14. Ng5 Bd7 15. Rb1 h6 16. Nf3 Be6 17. c4 Re8 18. a4 Ng4 19. Nxg4 Bxg4 20. h3 Be6 21. c5 f5 22. Bb3 Qf6 23. Qe2 Kh7 24. Bc2 Re7 25. Bd2 Rf8 26. Nh2 Ref7 27. Rf1 d4 28. Bb3 fxe4 29. dxe4 Qe7 30. Bxe6 Qxe6 31. f3 Bd8 32. Ng4 Bh4 33. Nf2 Bxf2+ 34. Kxf2 Rd7 35. Qd3 Nh4 36. Rb3 Qg6 37. Rg1 Rdf7 38. Qe2 Qe6 39. Rgb1 Rd8 40. b5 Qg6 41. Rg1 1/2-1/2

[Event "Wch U16"]
[Site "Oropesa del Mar"]
[Date "1998.11.06"]
[Round "10"]
[White "Bruzon Batista, Lazaro"]
[Black "Kang, Chuanqi"]
[Result "1-0"]
[WhiteElo "2470"]
[BlackElo "2315"]
[PlyCount "66"]
[EventDate "1998.10.25"]
[EventType "swiss"]
[EventRounds "11"]
[EventCountry "ESP"]
[SourceTitle "CBM 067 Extra"]
[Source "ChessBase"]
[SourceDate "1999.01.01"]
[SourceVersion "1"]
[SourceVersionDate "1999.01.01"]
[SourceQuality "1"]

1. e4 c5 2. Nc3 Nc6 3. Nge2 e6 4. d4 cxd4 5. Nxd4 Qc7 6. g3 a6 7. Bg2 Bb4 8. 0-0 Nf6 9. Nde2 d6 10. h3 b5 11. a4 Rb8 12. axb5 axb5 13. g4 0-0 14. g5 Nd7 15. h4 Nce5 16. f4 Bc5+ 17. Kh1 Ng4 18. Nd4 Bxd4 19. Qxd4 b4 20. Ne2 e5 21. Qd3 exf4 22. Bxf4 Nde5 23. Qd2 Rb6 24. b3 Ba6 25. Rfe1 Bxe2 26. Rxe2 Nd7 27. Bh3 Nge5 28. Be3 Nc5 29. Qd5 g6 30. Rf1 Qc6 31. Bd4 Re8 32. Rf6 Qxd5 33. exd5 Ra6 1-0

[Event "Wch U16"]
[Site "Oropesa del Mar"]
[Date "1998.10.27"]
[Round "3"]
[White "Kang, Chuanqi"]
[Black "Filipovic, Marko"]
[Result "1-0"]
[WhiteElo "2315"]
[BlackElo "2185"]
[PlyCount "60"]
[EventDate "1998.10.25"]
[EventType "swiss"]
[EventRounds "11"]
[EventCountry "ESP"]
[SourceTitle "CBM 067 Extra"]
[Source "ChessBase"]
[SourceDate "1999.01.01"]
[SourceVersion "1"]
[SourceVersionDate "1999.01.01"]
[SourceQuality "1"]

1. e4 c5 2. Nf3 d6 3. d4 cxd4 4. Nxd4 Nf6 5. Nc3 a6 6. Bc4 e6 7. Bb3 b5 8. 0-0 Be7 9. Qf3 Qb6 10. Be3 Qb7 11. Qg3 0-0 12. Bh6 Ne8 13. Rad1 Bd7 14. f4 Kh8 15. Bg5 Bxg5 16. fxg5 Kg8 17. Qf4 Qb6 18. Kh1 Nc7 19. Nf3 Nc6 20. Rxd6 Rad8 21. e5 Bc8 22. Ne4 Ne8 23. Rxd8 Qxd8 24. c3 f5 25. gxf6 gxf6 26. exf6 Nxf6 27. Rd1 Qe7 28. Nxf6+ Rxf6 29. Qd6 Qxd6 30. Rxd6 Ne7 1-0